[Event "Tata Steel-A 78th"]
[Site "Wijk aan Zee"]
[Date "2016.01.29"]
[Round "11"]
[White "Adams, Michael"]
[Black "Giri, Anish"]
[Result "1/2-1/2"]
[WhiteElo "2744"]
[BlackElo "2798"]
[Annotator "Roiz,M"]
[PlyCount "83"]
[EventDate "2016.01.16"]
[EventType "tourn"]
[EventRounds "13"]
[EventCountry "NED"]
[EventCategory "20"]
[SourceTitle "CBM 171"]
[Source "ChessBase"]
[SourceDate "2016.03.14"]
[SourceVersion "2"]
[SourceVersionDate "2016.03.14"]
[SourceQuality "1"]

1. e4 c5 2. Nf3 Nc6 3. Bb5 g6 4. Bxc6 bxc6 {This way of handling the position
is becoming more and more fashionable.} (4... dxc6 {usually leads to a long
strategic battle.}) 5. O-O Bg7 6. Re1 Nh6 7. c3 O-O 8. h3 ({The most common
conitnuation is} 8. d4 {, but the latest tournament practice proves, that
Black is doing well after} cxd4 9. cxd4 d5 10. e5 f6) 8... f5 $5 {This
aggressive move is almost unexplored.} ({Black's usual setup is connected with
} 8... f6 9. d4 cxd4 10. cxd4 {, but the subsequent positions are somewhat
passive and not to everyone's taste. For instance,} Nf7 11. Nc3 (11. Qc2 Qb6
12. Nc3 d6 13. b3 $14 {Jones,G (2635)-Agopov,M (2450)/Porto Carras 2011}) 11...
d6 12. b3 Qa5 13. Bd2 Qb6 14. Rc1 Rb8 15. Qc2 Bd7 16. Bf4 Ng5 17. Nxg5 fxg5 18.
Be3 $14 {Bacrot,E (2714)-Moiseenko,A (2699)/Tromsoe 2013}) 9. e5 {No doubt,
this reaction is the most principled.} ({The modest} 9. d3 fxe4 10. dxe4 Nf7
$132 {offers Black decent counterplay along the f-file.}) 9... Nf7 10. d3 $5 {
White reasonably keeps the pawn centre flexible.} ({In the event of} 10. d4 {
Black gets an opportunity to open up the position by means of} cxd4 11. cxd4
Bb7 12. Nc3 c5 $132 {Ankit,R (2506)-Kulaots,K (2571)/Iasi 2014}) 10... Ba6 $146
{This original way of development is aimed at connecting the rooks.} ({In the
only preceding game White was somewhat better after} 10... h6 11. h4 d6 12. Bf4
$14 {Antipov,M (2529)-Sutovsky,E (2626)/Jerusalem ISR 2015}) (10... d6 {
is hardly a real improvement} 11. Bf4 Qc7 12. Qe2 $14) 11. c4 $1 {Now both
Black's bishops are extremely passive.} (11. Bf4 {seems less energetic:} e6 12.
Qd2 h6 13. h4 c4 $1 14. d4 c5 $132) 11... d6 ({The ugly-looking} 11... e6 {
with an idea to meet} 12. Nc3 {with} g5 {would't fully solve the problems:} 13.
Na4 g4 14. Nh2 gxh3 (14... Nxe5 15. Nxc5 Bc8 16. hxg4 d6 17. d4 Nxg4 18. Nxg4
dxc5 19. Ne5 Qxd4 20. Qxd4 cxd4 21. b3 $14) 15. Re3 hxg2 16. Rh3 h6 17. Qh5 $36
) 12. e6 {This ambitious move is definitely connected with some material
sacrifice.} ({It was well worth considering} 12. Bf4 $5 {and if} Qb8 13. Qe2
Nd8 {, then} 14. Qd2 $1 Ne6 15. Bh6 d5 16. b3 $14) 12... Ne5 13. Nc3 (13. Nxe5
Bxe5 (13... dxe5 $6 {is unsuccessful:} 14. Nc3 Qd6 15. b3 e4 16. Bb2 exd3 17.
Qd2 $14 {Despite the extra pawn, the poor placement of the Ba6 makes Black's
position difficult.}) 14. Nd2 Bg7 15. Rb1 Bc8 16. Nf3 a5 17. Bd2 Rf6 $132)
13... Rb8 (13... Bc8 14. Nxe5 Bxe5 15. Rxe5 dxe5 16. b3 Qd6 17. Bb2 Bxe6 18.
Qe1 $44 {White gets sufficient compensation for an exchange, but possibly not
more.}) ({The same can be said about the following position:} 13... f4 14. Nxe5
Bxe5 15. Qf3 Qc7 16. Rxe5 dxe5 17. b3 $44) 14. Nxe5 Bxe5 15. Na4 ({I guess,
Michael had also considered the following sacrifice:} 15. Rxe5 dxe5 16. b3 {
, but the consequences didn't look clear:} Qd6 17. Bb2 Rbd8 18. Qe1 Bc8 19. Na4
f4 20. f3 Qxd3 21. Nxc5 Qe3+ 22. Qxe3 fxe3 $132) 15... Qc7 $2 {A careless move
- now White is better prepared for the above-mentioned sacrifice.} ({A much
better try was} 15... Bd4 16. Bh6 Rf6 17. Bg5 Rf8 18. Qd2 Rb4 19. Nc3 (19. b3
$5) 19... d5 {with a very complex play, where White's chances might be
slightly preferable.}) 16. Bh6 ({There was no reason for deviating from the
most energetic} 16. Rxe5 $1 dxe5 17. b3 (17. Nxc5 Bc8 18. Qe1 f4 19. b4 $16)
17... Qd6 18. Bb2 Rbd8 19. Qe1 $16) 16... Rf6 $6 {Returning the favour.} ({
In the event of} 16... Bg7 $142 17. Bxg7 Kxg7 18. Qd2 Rf6 19. Re2 h6 {Black's
position would be slightly worse, but quite solid.}) 17. Rxe5 $1 {Finally it
comes with great effect.} dxe5 18. Nxc5 Bc8 19. d4 $1 {The most effective way
of developing the initiative.} g5 $2 {Anish is trying to complicate matters,
but exposing the king that way should lead to disaster.} ({The lesser evil
would be} 19... exd4 20. Qxd4 (20. Qd2 $5 {also looks very promising.}) 20...
Qd6 21. Rd1 Qxd4 22. Rxd4 Bxe6 23. Bg5 {offers White a big advantage in the
resulting endgame.}) ({Or} 19... Rxb2 20. dxe5 Rxe6 21. Qd4 Qb6 22. Kh2 $16)
20. Bxg5 (20. Qh5 {was also good enough:} Bxe6 21. Na6 (21. Bxg5 Bf7 22. Qh4
Rg6 23. Na6 Qb7 24. Nxb8 Bxc4 25. Nxc6 Qxc6 26. Rc1 $18) 21... Qb7 22. Nxb8 Bf7
23. Qxg5+ Rg6 24. Qxf5 Qxb8 25. Be3 $18) 20... Rg6 21. Qh5 {Most of Black's
pieces cannot support their monarch, so the attack is very powerful.} Qd6 22.
Re1 $6 ({A much stronger move was} 22. Nd3 $1 Qxd4 23. Rd1 Bxe6 24. Nf4 Qxd1+
25. Qxd1 exf4 26. Bxf4 Rxb2 27. Qd8+ Kf7 28. Qh8 {with an easy win.}) 22...
Qxd4 $2 {Returning the favour.} ({Instead,} 22... e4 23. Qh4 Qxd4 24. Bxe7 Ra8
25. Re3 Bxe6 26. Nd3 Qg7 27. Nf4 Rh6 $16 {would allow Anish to stay in the
game.}) 23. Be3 $2 ({Michael missed an excellent chance:} 23. Rd1 $3 {would
decide the game in nice style:} Qxc5 24. Rd8+ Kg7 25. Bh6+ Kf6 (25... Rxh6 26.
Qf7#) 26. Be3 Qxc4 27. Qxh7 Bxe6 28. Qh8+ Rg7 29. Bh6 $18) 23... Qxc4 24. b3 $1
({Correctly rejecting} 24. Qxf5 $6 Bxe6 25. Qxe5 Rd8 $132) 24... Qb4 25. Rd1
Bxe6 26. Nxe6 Rxe6 27. Qxf5 {White still has excellent compensation for an
exchange, but all Black's pieces are quite active now.} Rd6 28. Rc1 Qa5 $6 ({
It was better to give up the weak Pe5 in order to simplify matters:} 28... Rg6
$1 29. Qxe5 Rb5 30. Rc5 Qe1+ 31. Kh2 Rxc5 32. Qxc5 Qd1 $1 33. Qxa7 Qd5 $11) 29.
Rc4 {No doubt, any simplifications are in Black's favour here. Still, the
rook's transfer to g4 would pose Black concrete problems.} ({Deserved serious
attention also} 29. Bc5 $5 Qd2 30. Rc4 Rg6 31. Qxe5 {and Black is forced to
liquidate into a difficult endgame:} Rd8 32. Qxe7 Qg5 33. Qxg5 Rxg5 34. g4 $16)
29... Rg6 30. Rg4 Rxg4 31. Qxg4+ Kh8 (31... Kf7 32. Qf5+ Ke8 33. Qxh7 $16) 32.
Qe6 Re8 33. Qxc6 Rd8 (33... Rg8 $5) 34. a4 $2 {Being under time pressure,
Michael fails to play precisely and spoils all his advantage.} ({The correct} 
34. Qb7 $1 {would have kept Black in a real danger.} {For instance,} Qa3 (34...
Re8 35. Qd7 Qd8 36. Qxa7 $18) 35. b4 Qd3 36. Qxe7 Qd6 37. Qxa7 Qxb4 38. a4 {
with great winning chances.}) 34... Qd5 $1 35. Qxd5 {Accepting a draw.} ({
Black should be OK now after} 35. Qc7 Rd7 36. Qb8+ Kg7 37. b4 a6 $11) 35...
Rxd5 36. Bxa7 Rd1+ 37. Kh2 Rb1 38. Bc5 Rxb3 39. Bxe7 $11 {The rest few moves
are of no great value - the result is clear now.} Rb2 40. Bf6+ Kg8 41. Bxe5
Rxf2 42. a5 1/2-1/2

[Event "RUS-ch sf 58th"]
[Site "Kazan"]
[Date "2005.09.09"]
[Round "7"]
[White "Shaposhnikov, Evgeny"]
[Black "Smirnov, Pavel"]
[Result "1/2-1/2"]
[WhiteElo "2533"]
[BlackElo "2635"]
[Annotator "Roiz,M"]
[PlyCount "82"]
[EventDate "2005.09.03"]
[EventType "swiss"]
[EventRounds "9"]
[EventCountry "RUS"]
[SourceTitle "CBM 109"]
[Source "ChessBase"]
[SourceDate "2005.11.14"]
[SourceVersion "1"]
[SourceVersionDate "2005.11.14"]
[SourceQuality "1"]

{[%mdl 36]} 1. e4 c5 2. Nf3 Nc6 3. Bb5 g6 4. Bxc6 dxc6 5. d3 Bg7 6. h3 Nf6 7.
Nc3 O-O 8. Bf4 {That continuation gains some popularity nowadays.} ({As modern
practice shows, Black doesn't face special problems in the main line-->} 8. Be3
b6 9. Qd2 e5) 8... Ne8 $146 {Intending to stabilize the pawn structure by
f7-f6 and e7-e5. According to my database this is a novelty, although 2 days
before the following game, Pavel has already played it against Lastin in the
same tournament!} (8... Nd7 9. Qd2 (9. e5 Qc7 10. Qe2 Nb6 11. O-O-O Nd5 12.
Nxd5 cxd5 13. Qd2 Be6 14. Bh6 Rfd8 15. h4 Bh8 16. h5 Bg4 $132 {1/2-1/2 Leitao,
R-Zambrana,O/Santos BRA 2004/The Week in Chess 509 (26)}) 9... Re8 $6 10. Bh6
Bh8 11. h4 e5 12. h5 Nf6 13. hxg6 hxg6 14. O-O-O Ng4 15. Bg5 Qd6 16. Nh4 Bd7
17. f3 Nf6 18. Rh2 $16 {1-0 Shirov,A-Leko,P/Monte Carlo MNC 2005 (40)}) 9. Qd2
f6 10. e5 g5 {I don't like that weakening move.} ({More logical was:} 10... Nc7
11. Bh6 (11. Ne4 Ne6 12. Bh6 Nd4 $11) 11... Ne6 12. Bxg7 Kxg7 13. O-O-O Nd4 $11
) 11. Be3 {It looks like White wins a tempo, attacking the Pc5. However,the
mobility of Be3 will be restricted by Black's pawns.} ({I would prefer:} 11.
Bg3 $142 h6 (11... Nc7 12. O-O-O Nd5 13. exf6 exf6 14. Rhe1 $14) 12. exf6 exf6
13. O-O-O Nc7 14. Rhe1 Nd5 15. Ne4 b6 16. Nd6 $14 {with better chances.}) 11...
b6 12. O-O-O (12. O-O Nc7 13. Rfe1 h6 14. exf6 exf6 $11) 12... Nc7 13. h4 {
Provoking g5-g4 in order to exploit the weakness of the dark squares. This
attempt to grab the initiative takes a lot of time and allows Black to get
counterplay.} ({After} 13. Rhe1 Nd5 14. exf6 exf6 15. d4 c4 $11 {Black has a
very solid position.}) 13... g4 14. exf6 exf6 15. Ng1 Nd5 $1 {Maybe that
strong move was understated by Evgeny. Now white should play very
energetically in order to avoid an inferior position.} 16. Nxd5 $1 {White is
not ready to exchange his important bishop, so he sacrifices the pawn.} (16.
Nge2 Nxe3 17. fxe3 f5 18. Nf4 b5 $15) 16... Qxd5 ({Of course,not} 16... cxd5 $6
17. d4 c4 18. Ne2 $14) 17. c4 ({or} 17. Kb1 Qxg2 18. Ne2 Qd5 $15 {and White
has no sufficient compensation.}) 17... Qxg2 18. Ne2 {Now the queen is in
danger, so Black should be careful.} Qf3 19. Nf4 {[%csl Rf3][%cal Gh1g1,Gg1g3]
Intending to trap the queen.} (19. Rhg1 $5 {was also interesting:} Re8 (19...
Qf5 $6 20. Ng3 Qe5 (20... Qe6 21. Nh5 Bh8 22. f3 $16) 21. Rde1 $36) 20. Nf4 Bh6
21. Ng2 Bxe3 22. fxe3 $44 {[%csl Rg8] and I believe that White has full
compensation for the pawn.}) 19... Bh6 20. Rhg1 ({Now after} 20. Nh5 Bxe3 21.
fxe3 Qf5 22. Nf4 b5 $15 {Black creates an unpleasant counterplay on the
queenside, so White is worse.}) 20... Bxf4 (20... Re8 21. Ng2 $1 (21. Rg3 $4
Rxe3 22. Rxf3 Rxf3 $19) 21... Bxe3 22. fxe3 $44) 21. Bxf4 Re8 $1 {An
additional direct move.} ({Dubious would be:} 21... Rd8 $2 {in view of} 22. Bh6
$1 ({but not} 22. Rg3 Rxd3 23. Qxd3 Qxf4+ 24. Re3 Bf5 25. Qe2 Re8 $15 {[%cal
Gb6b5]}) 22... b5 23. Rg3 Qf5 24. f3 $36) 22. Rg3 $6 {A serious mistake-the
appearance of Black's queen in White's camp will force a trade of the queens.}
({Much better was:} 22. Be3 $142 Qf5 23. Bf4 $44 {and white has a full
compensation for a pawn due to weakness of Kg8.}) 22... Qe2 23. Qc3 Kf7 $1 {
A cool reply.} ({Much worse would be:} 23... Qxf2 $6 24. Qxf6 Qd4 25. Qh6 $44)
24. Be3 Bf5 {[%cal Ga8d8] Intending to put pressure on the Pd3. White is
practically forced to trade the queens.} 25. Re1 Qxd3 26. Qxd3 Bxd3 27. Rxg4 h5
({The alternative was:} 27... Bf5 $5 28. Rf4 Re5 29. Bd2 Ke6 $15 {and Black
has some practical winning chances.}) 28. Rf4 b5 {This natural advancement
allows White to activate his rook.} ({I would prefer:} 28... Rad8 29. b3 Rd7
$15) 29. cxb5 cxb5 30. Rg1 $1 {[%cal Gg1g5]} Re5 ({Nothing gives} 30... Rac8
31. Rg5 Bg6 32. Rxc5 Rxc5+ 33. Bxc5 $11) 31. Rg5 Rxg5 ({After} 31... Ke6 32.
Rg7 a5 33. Rc7 Kd6 34. Rf7 f5 35. Rh7 $15 {Black's winning chances are
problematic, as White's pieces are too active.}) 32. hxg5 f5 33. Bxc5 {Black
is still better due to his passed Ph5, but now there is not much material left
on the board!} Rc8 (33... Kg6 $5 {also deserves attention:} 34. Kd2 Bb1 {
although after:} 35. a4 Rc8 36. Bxa7 Rc2+ 37. Ke1 Rxb2 38. axb5 Rxb5 39. Be3
$15 {a draw is the most probable result.}) 34. b4 a5 {The Pa7 was hanging,but
now an additonal exchange becomes unavoidable.} 35. a3 axb4 36. axb4 Kg6 37.
Kd2 {Advancing the king with a tempo!} ({White shouldn't try to keep the
material ballance at any cost:} 37. Rd4 $2 Be4 38. f4 h4 $17 {[%csl Gh4]})
37... Be4 38. f3 Kxg5 39. Be3 Rd8+ $6 {That leads to a dead draw.} ({After} 
39... Bc6 40. Rg4+ Kf6 41. Bd4+ Ke6 42. Rg6+ Kd5 43. Kd3 $15 {White should
hold this position due to his active pieces, but this was Black's last chance.}
) 40. Ke1 Bd5 41. Rg4+ Kf6 (41... Kf6 42. Bg5+ Ke5 43. Bxd8 fxg4 44. fxg4 hxg4
45. Kf2 $11) 1/2-1/2

[Event "Olympiad-33"]
[Site "Elista"]
[Date "1998.10.02"]
[Round "4.1"]
[White "Rozentalis, Eduardas"]
[Black "Rahman, Ziaur"]
[Result "1-0"]
[WhiteElo "2575"]
[BlackElo "2500"]
[Annotator "Rozentalis,E"]
[PlyCount "85"]
[EventDate "1998.09.29"]
[EventType "team-swiss"]
[EventRounds "13"]
[EventCountry "RUS"]
[SourceTitle "CBM 068"]
[Source "ChessBase"]
[SourceDate "1999.02.01"]
[SourceVersion "1"]
[SourceVersionDate "1999.02.01"]
[SourceQuality "1"]
[WhiteTeam "Lithuania"]
[BlackTeam "Bangladesh"]
[WhiteTeamCountry "LTU"]
[BlackTeamCountry "BAN"]

1. e4 c5 2. Nf3 Nc6 3. Bb5 g6 4. O-O Bg7 5. c3 Nf6 6. Re1 O-O 7. d4 d5 8. e5
Ne4 9. Bxc6 bxc6 10. Nbd2 Nxd2 11. Bxd2 Bg4 $6 {Black sacrifies a pawn.} (11...
cxd4 $142) 12. dxc5 Qb8 13. Qb3 $1 Bxf3 14. gxf3 Qc8 (14... Bxe5 15. Qxb8 Bxb8
16. Rxe7 $18) (14... Qc7) 15. Qa4 {[Qa4-g4;f4]} Rb8 16. b3 Qf5 17. Qf4 (17.
Qxa7 $2 Qxf3 $132) 17... Qd3 18. Kg2 e6 (18... f6 19. e6) 19. Qd4 Qf5 20. Rac1
$1 {[xc2; c3]} f6 21. exf6 Rxf6 22. Qg4 e5 (22... Qd3 23. Bg5) 23. Bg5 Rf7 24.
Qxf5 Rxf5 (24... gxf5 $142 {with the strong centre black still has some
compensation. The move in the game lets white to penetrate with the bishop to
d6 and prepare the final blow.}) 25. Be7 $1 Rb7 26. Bd6 Rbf7 27. b4 {Black
wins back the pawn but suddenly finds himself in the lost position as he can't
stop the promotion of c-pawn.} a6 28. a4 Rxf3 29. Rc2 {White protects f2,
remaining two threats: to take on e5; and to push b4-b5.} e4 30. b5 axb5 31.
axb5 cxb5 32. c6 Bxc3 (32... Rxc3 33. Rec1) 33. Rb1 Bd4 (33... Ba5 34. c7 Bxc7
35. Bxc7 {, b5 falls and white wins}) 34. c7 Rxf2+ 35. Rxf2 Rxf2+ 36. Kh3 $1 (
36. Kg3 $2 Rc2 37. Rxb5 Kf7 38. Rb8 Ke6) 36... Rc2 37. Rxb5 Kf7 38. Rc5 (38.
Rb8 Ke6 39. Bg3 $18) (38. Bc5 $2 Be5 39. c8=Q Rxh2+ 40. Kg4 Rg2+ 41. Kh4 Rh2+
42. Qh3 Bf6+ 43. Kg4 h5+ 44. Kg3 Be5+ 45. Kh4 Bf6+ $11) 38... Bxc5 39. c8=Q
Rc3+ 40. Kg2 Bd4 (40... Rc2+ 41. Kf1 Rf2+ 42. Ke1) 41. Qd7+ Kf6 42. Be7+ Ke5
43. Qd6+ 1-0

[Event "FRA-chT"]
[Site "Auxerre"]
[Date "1993.??.??"]
[Round "9"]
[White "Kasparov, Garry"]
[Black "Salov, Valery"]
[Result "1/2-1/2"]
[WhiteElo "2805"]
[BlackElo "2685"]
[Annotator "Salov,V"]
[PlyCount "51"]
[EventDate "1993.??.??"]
[EventType "team"]
[EventRounds "12"]
[EventCountry "FRA"]
[SourceTitle "CBM 037"]
[Source "ChessBase"]
[SourceDate "1993.12.01"]
[SourceVersion "1"]
[SourceVersionDate "1993.12.01"]
[SourceQuality "1"]

1. e4 c5 2. Nf3 Nc6 3. Bb5 g6 4. Bxc6 bxc6 5. O-O Bg7 6. Re1 f6 7. d4 $5 {
Matulovic} (7. c3) 7... cxd4 8. Nxd4 e5 (8... Nh6 9. Bxh6 Bxh6 10. Nf5 Bf8 11.
e5 $36) 9. Nb3 Nh6 10. c4 Nf7 (10... d6 11. Nc3 Be6 12. c5 d5 13. Nd4 exd4 14.
exd5 dxc3 15. Rxe6+ Kf7 16. Rd6 $40) 11. c5 $1 O-O 12. Na3 $2 (12. Qc2 $142)
12... a5 $1 13. Nc4 $2 (13. Be3 $142) 13... a4 14. Nb6 Ra7 (14... Ra6 15. Nxc8
axb3 16. Nb6 Rxa2 17. Rxa2 bxa2 18. Be3 {/\Qd1-b3}) 15. Nxc8 (15. Nd2 d5 $1 $17
) 15... Qxc8 16. Nd2 Qa6 $1 17. Qc2 Ng5 $2 (17... Rb8 $1 18. Nc4 Rb4 $17) 18.
Nc4 Ne6 19. Be3 Rb8 20. Red1 Bf8 21. Nb6 Rbb7 22. Nc8 $1 Ra8 23. Nb6 $1 $10
Raa7 24. b4 axb3 25. Qxb3 Qb5 26. Qxb5 1/2-1/2

[Event "Tata Steel-A 77th"]
[Site "Wijk aan Zee"]
[Date "2015.01.21"]
[Round "10"]
[White "Van Wely, Loek"]
[Black "Hou, Yifan"]
[Result "1-0"]
[WhiteElo "2667"]
[BlackElo "2673"]
[Annotator "Schulz,Andre"]
[PlyCount "47"]
[EventDate "2015.01.10"]
[EventType "tourn"]
[EventRounds "13"]
[EventCountry "NED"]
[EventCategory "20"]
[SourceTitle "CBM 165"]
[Source "ChessBase"]
[SourceDate "2015.03.11"]
[SourceVersion "1"]
[SourceVersionDate "2015.03.11"]
[SourceQuality "1"]

1. e4 c5 2. Nf3 Nc6 3. Bb5 g6 4. Bxc6 bxc6 5. O-O Bg7 6. Re1 Nf6 7. e5 Nd5 8.
c4 Nc7 9. d4 cxd4 10. Qxd4 O-O 11. Qh4 f6 12. Nc3 Ne6 13. Ne4 fxe5 14. Nfg5
Nxg5 15. Bxg5 Qb6 16. c5 (16. Rad1 Qxb2 17. g3 d5 18. cxd5 cxd5 19. Rxd5 Bf5 (
19... Qb7 20. Rd2 Re8 21. Bh6 Qc6 22. Rd8 Rxd8 23. Bxg7 Bf5 24. Bxe5 Bxe4 25.
Qh6 Kf7 26. Qf4+ Bf5 27. g4 Qc2 28. gxf5 Qxf5 29. Qh6 Rd1 30. Qxh7+ Ke6 31.
Rxd1 Qg4+ 32. Bg3 Qxd1+ 33. Kg2 Qd5+ 34. Kg1 Qh5 35. Qg7 Rd8 36. h3 Rd1+ 37.
Kh2 Qd5 38. Qxg6+ Kd7 39. Qg4+ Kd8 {0-1 (39) Sebag,M (2490)-Muzychuk,A (2560)
Germany 2014}) 20. Rd2 Qb7 21. Bxe7 Rf7 22. Ba3 Bxe4 23. Qxe4 Qxe4 24. Rxe4 Re8
25. Bc5 Rb7 26. Ra4 Bh6 27. Re2 Rb5 28. Bxa7 Ra8 29. Ree4 Bd2 30. Kg2 Kf7 31.
Rec4 Rb7 32. Bc5 Rxa4 33. Rxa4 Ke6 34. Ra6+ Kd5 35. Rd6+ Kxc5 36. Rxd2 e4 37.
Rc2+ Kd4 38. a4 Ra7 39. Ra2 e3 40. fxe3+ Kxe3 41. a5 Ra6 42. Kh3 Ke4 43. Kg4 h6
44. h4 h5+ 45. Kg5 Kf3 46. Ra3+ Ke4 47. Rb3 Rxa5+ 48. Kxg6 Ra8 49. Kxh5 Rg8 50.
Ra3 {1-0 (50) Zhigalko,S (2664)-Guseinov,G (2616) Baku 2013}) 16... Qxb2 17.
Rad1 d5 18. cxd6 exd6 19. Rxd6 {Die Position ist minimal anders als in der
Variante nach 16.Tad1.} Bf5 20. Nf6+ Bxf6 21. Bxf6 Rab8 $2 {Verliert sofort.} (
{Nach} 21... Rae8 {steht Weiß besser, aber es ist noch nichts entschieden.})
22. Qc4+ Rf7 23. Red1 {Gegen Td8 ist nicht mehr zu erfinden.} Qb1 {Noch ein
kleiner Witz...} 24. h3 {Und Ende.} 1-0

[Event "Gashimov Memorial 3rd"]
[Site "Shamkir"]
[Date "2016.06.02"]
[Round "7"]
[White "Harikrishna, Pentala"]
[Black "Mamedov, Rauf"]
[Result "1/2-1/2"]
[WhiteElo "2763"]
[BlackElo "2655"]
[Annotator "Schulz,Andre"]
[PlyCount "103"]
[EventDate "2016.05.26"]
[EventType "tourn"]
[EventRounds "9"]
[EventCountry "AZE"]
[EventCategory "20"]
[SourceTitle "CBM 173"]
[Source "ChessBase"]
[SourceDate "2016.07.12"]
[SourceVersion "1"]
[SourceVersionDate "2016.07.12"]
[SourceQuality "1"]

1. e4 c5 2. Nf3 Nc6 3. Bb5 g6 4. Bxc6 bxc6 5. O-O Bg7 6. Re1 Nh6 7. c3 O-O 8.
h3 f5 9. e5 Nf7 10. d4 cxd4 11. cxd4 c5 12. dxc5 Bb7 13. Nc3 e6 14. Nd4 Bxe5
15. f4 Bg7 16. Be3 g5 17. fxg5 f4 18. Bf2 Qxg5 19. c6 Bxd4 20. Qxd4 Bxc6 21.
Ne4 Qg7 22. Qxg7+ Kxg7 23. Rad1 Rg8 24. Bh4 Kh6 25. Rd2 Rg6 26. Nf6 e5 27. b4
Kg7 28. b5 Bxb5 29. Nxd7 Re8 30. Nc5 Nd6 31. Ne4 Nxe4 32. Rxe4 Bc6 33. Rc4 e4
34. Rdc2 Ree6 35. Be1 h5 36. Kh2 Kh6 37. Rd4 f3 38. Bh4 {[#]} e3 ({Besser war} 
38... fxg2 39. Rxg2 e3 40. Rg3 (40. Re2 Bf3 41. Re1 Rg2+ $19) 40... e2 41. Rd2
Rxg3 (41... e1=Q $2 42. Rxg6+ Kxg6 43. Bxe1 Rxe1 44. Rd6+ $11) 42. Bxg3 Bf3 43.
Be1 Rg6 44. h4 Rg2+ 45. Kh3 Rg1 $19) 39. gxf3 e2 40. Be1 Bxf3 (40... Re3 $5 41.
Bd2 $2 e1=Q $19) 41. Bd2+ {Und Weiß rettet sich.} Kh7 42. Rc7+ Rg7 43. Rxg7+
Kxg7 44. Kg3 Bc6 45. Kf2 Kg6 46. a4 a6 47. Be1 Kf5 48. Bd2 Kg6 49. Be1 Be4 50.
Kxe2 Bf5+ 51. Kf2 Bxh3 52. Bb4 1/2-1/2